01117nam a2200289 i 450000500170000000700030001700800410002002000180006104000350007904100130011408200180012710000420014524501230018726400400031030000250035033600270037533700330040233800280043549000400046350000760050352100420057953400570062165000300067865000380070865000410074670000400078720220317000353.0ta210831s2013 sp 0 ser s s0 spa d a9788420611433 aCO-BoRNBPbspaerdacCO-BoRNBP1 aspaheng04a509bP73r2221 aPríncipe, Lawrence M.d1962-eautor13aLa revolución científicabuna breve introduccióncLawrence M. Principe ; traducción de Miguel Paredes Larrucea 1aBarcelonabAlianza Editorial c2013 a218 páginasc18 cm atextobtxt2rdacontent asin mediaciónbn2rdamedia avolumenbnc2rdacarrier0 aEl libro de bolsillo. CienciasvC19 aIncluye lista de ilustraciones e índice temático al final del texto aRecomendado para un público adulto  tThe scientific revolution. A very short introduction17aCienciavHistoria2ARMARC17aRevolución científica2ARMARC17aInvestigación científica2ARMARC1 aParedes Larrucea, Migueletraductor